000 00422nam a2200157Ia 4500
005 20250318154750.0
008 240331s9999 xx 000 0 und d
082 _bBAL
_a894
100 _aBaleswari,N
245 0 _amaathu enni mannithuvidu
260 _a Trincomalee
_bTrincomalee Sri Patthira Kaliamman Thevasthanam illakiya veliyidu
_c1993
300 _avii, 213 p .,
500 _a
650 _aNovel
942 _cL
999 _c4604
_d4604